Dráhy nervové = Tractus nervorum /
Uložené v:
| Hlavný autor: | |
|---|---|
| Médium: | Kniha |
| Jazyk: | Czech |
| Vydané: |
Praha :
Státní pedagogické nakladatelství,
1963.
|
| Vydanie: | Přepracované vydání |
| Edícia: | Učební texty vysokých škol
|
| Fyzický popis: |
86 strán : obrázky. |
| Tagy: |
Pridať tag
Žiadne tagy, Buďte prvý kto otaguje tento záznam!
|
Titul je dostupný aj v ... 

MARC
| LEADER | 00000nam a22000002i 4500 | ||
|---|---|---|---|
| 001 | 000709607 | ||
| 005 | 20240226070246.0 | ||
| 008 | 240226s1963 xr e 000 0 cze d | ||
| 020 | |c Kčs 5,40 |q (brožované) | ||
| 040 | |a SVKKK |b slo |c SVKKK |e rda | ||
| 041 | 0 | |a cze | |
| 044 | |a xr |c CZ | ||
| 100 | 1 | |a Zrzavý, Josef, |d 1909-1990 |4 aut | |
| 245 | 1 | 0 | |a Dráhy nervové = |b Tractus nervorum / |c Josef Zrzavý. |
| 246 | 3 | 1 | |a Tractus nervorum |
| 250 | |a Přepracované vydání | ||
| 264 | 1 | |a Praha : |b Státní pedagogické nakladatelství, |c 1963. | |
| 300 | |a 86 strán : |b obrázky. | ||
| 336 | |a text |b txt |2 rdacontent | ||
| 337 | |a bez média |b n |2 rdamedia | ||
| 338 | |a zväzok |b nc |2 rdacarrier | ||
| 490 | 1 | |a Učební texty vysokých škol | |
| 500 | |a Záznam revízie | ||
| 830 | 0 | |a Učební texty vysokých škol | |
| 910 | |a svkkk | ||
| 998 | |a BK | ||
| 090 | |g SCKHL |k Sklad Pribinova 3. posch. |a V.37184 |j 322777 |i 2721096887 |s Vyradená | ||
| 090 | |g SCKHL |k Sklad Pribinova 3. posch. |a V.37185 |j 322778 |i 2721096888 |s Vyradená | ||